[Event "Titled Tuesday intern op 16th Apr Late"]
[Site "Chess.com INT"]
[Date "2024.04.16"]
[Round "11"]
[White "Khakhinov, Ilya"]
[Black "Kanter, Eduard"]
[Result "1-0"]
[WhiteElo "2236"]
[BlackElo "2344"]
[PlyCount "47"]
[EventDate "2024.04.16"]
[EventType "swiss (blitz)"]
[EventRounds "11"]
[EventCountry "USA"]
[SourceTitle "CB17_2024"]
[SourceDate "2024.04.24"]
[SourceVersion "1"]
[SourceVersionDate "2024.04.24"]
[SourceQuality "1"]

1. e4 c5 2. Nf3 d6 3. d4 cxd4 4. Qxd4 Nc6 5. Bb5 Bd7 6. Qd3 g6 7. Nc3 Bg7 8. Bg5 Nf6 9. 0-0-0 0-0 10. e5 Bf5 11. Qe2 Nb4 12. exf6 exf6 13. Bf4 Bxc2 14. Bxd6 Bxd1 15. Rxd1 Qa5 16. Bxf8 Rxf8 17. Kb1 f5 18. Bc4 Qc5 19. Bb3 h6 20. Rd7 Bxc3 21. bxc3 Qxc3 22. Rxf7 Qd3+ 23. Qxd3 Nxd3 24. Rd7+ 1-0

[Event "Titled Tuesday intern op 02nd Apr Early"]
[Site "Chess.com INT"]
[Date "2024.04.02"]
[Round "5"]
[White "Bluebaum, Matthias"]
[Black "Kanter, Eduard"]
[Result "1-0"]
[WhiteElo "2649"]
[BlackElo "2344"]
[PlyCount "93"]
[EventDate "2024.04.02"]
[EventType "swiss (blitz)"]
[EventRounds "11"]
[EventCountry "USA"]
[SourceTitle "CB15_2024"]
[SourceDate "2024.04.10"]
[SourceVersion "1"]
[SourceVersionDate "2024.04.10"]
[SourceQuality "1"]

1. d4 d5 2. c4 e6 3. Nc3 a6 4. e4 dxe4 5. Nxe4 Bb4+ 6. Nc3 c5 7. a3 Ba5 8. Nf3 Nf6 9. Be3 Ne4 10. Qc2 Nxc3 11. bxc3 cxd4 12. Nxd4 e5 13. Nb3 Nc6 14. Rd1 Qc7 15. Bc5 Nd4 16. Bxd4 exd4 17. Rxd4 Be6 18. Be2 0-0 19. 0-0 Rac8 20. Nxa5 Qxa5 21. Qb2 Rc7 22. Qb4 Qe5 23. Bf3 Rfc8 24. Bxb7 Rxc4 25. Bxc8 Rxc8 26. Qd6 Qg5 27. f4 Qf6 28. f5 Bc4 29. Qxf6 gxf6 30. Rfd1 Kg7 31. Rg4+ Kf8 32. Rd6 Be2 33. Re4 Bb5 34. Re3 Kg7 35. Rg3+ Kf8 36. Rxf6 Rc5 37. h4 Ke7 38. Rh6 Rxf5 39. Rxh7 Rf1+ 40. Kh2 Ra1 41. Rf3 Bc4 42. h5 Rxa3 43. h6 Ra5 44. Rh8 Rh5+ 45. Rh3 Rg5 46. h7 Bd5 47. Rg8 1-0

[Event "Titled Tuesday intern op 02nd Apr Late"]
[Site "Chess.com INT"]
[Date "2024.04.02"]
[Round "6"]
[White "Groetzbach, Julian"]
[Black "Kanter, Eduard"]
[Result "0-1"]
[WhiteElo "2268"]
[BlackElo "2344"]
[PlyCount "72"]
[EventDate "2024.04.02"]
[EventType "swiss (blitz)"]
[EventRounds "11"]
[EventCountry "USA"]
[SourceTitle "CB15_2024"]
[SourceDate "2024.04.10"]
[SourceVersion "1"]
[SourceVersionDate "2024.04.10"]
[SourceQuality "1"]

1. e4 c5 2. Nf3 d6 3. d4 cxd4 4. Nxd4 Nf6 5. f3 e5 6. Bb5+ Nbd7 7. Nf5 Qc7 8. Nc3 a6 9. Ba4 b5 10. Bb3 Nb6 11. Bg5 Bxf5 12. exf5 Be7 13. Bxf6 Bxf6 14. Nd5 Nxd5 15. Qxd5 0-0 16. 0-0-0 Rfd8 17. h4 a5 18. a3 a4 19. Ba2 Rab8 20. g4 e4 21. g5 Be5 22. g6 b4 23. Qxf7+ Qxf7 24. Bxf7+ Kf8 25. axb4 Rxb4 26. c3 Rb6 27. fxe4 Rdb8 28. Bd5 h6 29. Kd2 Rxb2+ 30. Kd3 Rc8 31. Rc1 a3 32. Rhf1 Rc5 33. c4 a2 34. Ra1 Rh2 35. Rac1 Ra5 36. Ra1 Ra3# 0-1

[Event "Titled Tuesday intern op 02nd Apr Late"]
[Site "Chess.com INT"]
[Date "2024.04.02"]
[Round "7"]
[White "Kanter, Eduard"]
[Black "Playa, Marcelo"]
[Result "1-0"]
[WhiteElo "2344"]
[BlackElo "2376"]
[PlyCount "99"]
[EventDate "2024.04.02"]
[EventType "swiss (blitz)"]
[EventRounds "11"]
[EventCountry "USA"]
[SourceTitle "CB15_2024"]
[SourceDate "2024.04.10"]
[SourceVersion "1"]
[SourceVersionDate "2024.04.10"]
[SourceQuality "1"]

1. d4 e6 2. c4 Nf6 3. Nf3 Bb4+ 4. Bd2 Bxd2+ 5. Qxd2 0-0 6. g3 d5 7. Bg2 Qe7 8. 0-0 Rd8 9. Qc2 Nc6 10. cxd5 exd5 11. Nc3 g6 12. Rac1 Bf5 13. Qd2 Ne4 14. Qh6 Rac8 15. e3 Qf8 16. Qxf8+ Kxf8 17. a3 a6 18. Nh4 Nxc3 19. Rxc3 Ne7 20. Rfc1 c6 21. Nxf5 Nxf5 22. Bh3 Rc7 23. Bxf5 gxf5 24. Kg2 Ke7 25. Kf3 Kf6 26. b4 h5 27. a4 Re7 28. b5 axb5 29. axb5 cxb5 30. Rb1 h4 31. Rxb5 hxg3 32. hxg3 Rdd7 33. Rcc5 Ke6 34. Kf4 Rd6 35. Rc8 Kf6 36. Rb8 Re4+ 37. Kf3 Re7 38. Kf4 Re4+ 39. Kf3 Re7 40. R8xb7 Rxb7 41. Rxb7 Ra6 42. Rd7 Ke6 43. Rd8 Ra2 44. Re8+ Kf6 45. Re5 Ra5 46. Kf4 Kg6 47. Rxf5 Ra2 48. f3 Rf2 49. g4 f6 50. Rxd5 1-0

[Event "Titled Tuesday intern op 02nd Apr Early"]
[Site "Chess.com INT"]
[Date "2024.04.02"]
[Round "2"]
[White "Nimay, Agrawal"]
[Black "Kanter, Eduard"]
[Result "0-1"]
[WhiteElo "1843"]
[BlackElo "2344"]
[PlyCount "86"]
[EventDate "2024.04.02"]
[EventType "swiss (blitz)"]
[EventRounds "11"]
[EventCountry "USA"]
[SourceTitle "CB15_2024"]
[SourceDate "2024.04.10"]
[SourceVersion "1"]
[SourceVersionDate "2024.04.10"]
[SourceQuality "1"]

1. e4 c5 2. Nf3 d6 3. Bb5+ Nd7 4. c3 Ngf6 5. Qe2 a6 6. Ba4 e6 7. 0-0 Be7 8. d4 0-0 9. Bc2 e5 10. Rd1 Qc7 11. Bd3 Re8 12. Nbd2 Bf8 13. Nf1 exd4 14. cxd4 cxd4 15. Nxd4 d5 16. f3 dxe4 17. fxe4 Bc5 18. Be3 Qb6 19. Nf5 g6 20. N5g3 Ne5 21. Kh1 Bg4 22. Qf2 Bxd1 23. Bxc5 Nxd3 24. Bxb6 Nxf2+ 25. Bxf2 Rad8 26. Ne3 Ba4 27. b3 Bc6 28. Nc4 Nxe4 29. Nxe4 Rxe4 30. Bb6 Rde8 31. h3 Re1+ 32. Rxe1 Rxe1+ 33. Kh2 Re2 34. Ne3 Rxa2 35. Kg3 Rb2 36. Ng4 Rxb3+ 37. Kf4 Rxb6 38. Ke5 a5 39. Nf6+ Kh8 40. Ng4 a4 41. Kd4 a3 42. Kc5 Rb5+ 43. Kc4 a2 0-1

[Event "Titled Tuesday intern op 27th Feb Late"]
[Site "Chess.com INT"]
[Date "2024.02.27"]
[Round "8"]
[White "Bilan, Danila"]
[Black "Kanter, Eduard"]
[Result "1-0"]
[WhiteElo "2303"]
[BlackElo "2344"]
[PlyCount "109"]
[EventDate "2024.02.27"]
[EventType "swiss (blitz)"]
[EventRounds "11"]
[EventCountry "USA"]
[SourceTitle "CB10_2024"]
[SourceDate "2024.03.06"]
[SourceVersion "1"]
[SourceVersionDate "2024.03.06"]
[SourceQuality "1"]

1. d4 d5 2. Nf3 Nf6 3. c4 e6 4. Nc3 a6 5. cxd5 exd5 6. Bg5 Be6 7. e3 Nbd7 8. Bd3 Bd6 9. Qc2 c6 10. 0-0 Qc7 11. e4 dxe4 12. Nxe4 Nxe4 13. Bxe4 h6 14. Bh4 0-0 15. Rfe1 Rfe8 16. Rad1 Qa5 17. a3 Qh5 18. Bg3 Bxg3 19. hxg3 Nf6 20. Ne5 Rad8 21. f4 Ng4 22. Nxg4 Bxg4 23. Rc1 Be6 24. Qc5 Qg4 25. Kf2 h5 26. Bf3 Qg6 27. Bxh5 Qf6 28. Re5 g6 29. Bf3 Kg7 30. Rce1 Rh8 31. b4 Rd7 32. d5 cxd5 33. Bxd5 Bxd5 34. Rxd5 Rxd5 35. Qxd5 Rd8 36. Qe5 Rd2+ 37. Re2 Qxe5 38. fxe5 Rd3 39. Re3 Rd2+ 40. Kf3 Ra2 41. Ke4 b5 42. Kd5 Rc2 43. Kd6 g5 44. g4 Rxg2 45. Kc6 Rxg4 46. Kb6 Rd4 47. Kxa6 Rd5 48. Kb6 Kg6 49. Kc6 Rd1 50. Kxb5 g4 51. e6 Kf5 52. exf7 Rd5+ 53. Kc4 Rd8 54. Re8 Rc8+ 55. Rxc8 1-0

[Event "Titled Tuesday intern op 27th Feb Late"]
[Site "Chess.com INT"]
[Date "2024.02.27"]
[Round "4"]
[White "Quirke, Jeffrey"]
[Black "Kanter, Eduard"]
[Result "0-1"]
[WhiteElo "1986"]
[BlackElo "2344"]
[PlyCount "50"]
[EventDate "2024.02.27"]
[EventType "swiss (blitz)"]
[EventRounds "11"]
[EventCountry "USA"]
[SourceTitle "CB10_2024"]
[SourceDate "2024.03.06"]
[SourceVersion "1"]
[SourceVersionDate "2024.03.06"]
[SourceQuality "1"]

1. e4 c5 2. Nc3 a6 3. f4 b5 4. g3 Bb7 5. Bg2 h5 6. d3 e6 7. Nh3 Nf6 8. 0-0 b4 9. Ne2 h4 10. e5 Bxg2 11. Kxg2 Nd5 12. f5 Nc6 13. fxe6 dxe6 14. Nef4 hxg3 15. hxg3 Nxe5 16. Qe2 Nc6 17. Nxe6 fxe6 18. Qxe6+ Nde7 19. Bf4 Qd5+ 20. Qxd5 Nxd5 21. Rae1+ Kd7 22. Ng5 Be7 23. Ne6 Rag8 24. c4 bxc3 25. bxc3 Nxc3 0-1

[Event "Titled Tuesday intern op 05th Sep Early"]
[Site "Chess.com INT"]
[Date "2023.09.05"]
[Round "3"]
[White "Gegenfurtner, Juergen"]
[Black "Kanter, Eduard"]
[Result "1-0"]
[WhiteElo "2326"]
[BlackElo "2356"]
[PlyCount "53"]
[EventDate "2023.09.05"]
[EventType "swiss (blitz)"]
[EventRounds "11"]
[EventCountry "USA"]
[SourceTitle "EXT 2024"]
[Source "ChessBase"]
[SourceDate "2023.10.10"]
[SourceVersion "1"]
[SourceVersionDate "2023.10.10"]
[SourceQuality "1"]

1. d4 Nf6 2. c4 e6 3. Nf3 c5 4. d5 exd5 5. cxd5 d6 6. Nc3 g6 7. Nd2 Bg7 8. e4 0-0 9. Be2 b6 10. a4 Na6 11. 0-0 Nc7 12. Nc4 Ba6 13. Bg5 Re8 14. f4 Bxc4 15. Bxc4 Qd7 16. e5 Nh5 17. g4 h6 18. gxh5 hxg5 19. hxg6 gxf4 20. gxf7+ Qxf7 21. exd6 Qg6+ 22. Kh1 Qxd6 23. Rg1 Kh8 24. Qg4 Rg8 25. Ne4 Qh6 26. d6 Ne8 27. Ra3 1-0

[Event "Titled Tuesday intern op 05th Sep Early"]
[Site "Chess.com INT"]
[Date "2023.09.05"]
[Round "1"]
[White "Kanter, Eduard"]
[Black "Galchenko, Matvey"]
[Result "0-1"]
[WhiteElo "2356"]
[BlackElo "2438"]
[PlyCount "92"]
[EventDate "2023.09.05"]
[EventType "swiss (blitz)"]
[EventRounds "11"]
[EventCountry "USA"]
[SourceTitle "EXT 2024"]
[Source "ChessBase"]
[SourceDate "2023.10.10"]
[SourceVersion "1"]
[SourceVersionDate "2023.10.10"]
[SourceQuality "1"]

1. e4 e6 2. d3 d5 3. Nd2 Nf6 4. Ngf3 c5 5. g3 Nc6 6. Bg2 Be7 7. 0-0 0-0 8. Re1 b5 9. e5 Nd7 10. Nf1 Qc7 11. Bf4 Bb7 12. h4 Rfc8 13. h5 h6 14. N1h2 Qd8 15. Ng4 Bf8 16. Qd2 a5 17. c4 bxc4 18. dxc4 d4 19. Re2 a4 20. Ne1 Nb6 21. Rc1 Na5 22. Bxb7 Nxb7 23. Re4 Na5 24. Qd3 Nc6 25. Bxh6 Nb4 26. Qb1 d3 27. Bd2 Be7 28. Bxb4 cxb4 29. Qxd3 Qxd3 30. Nxd3 Rd8 31. Rd1 Rac8 32. b3 Rd7 33. f4 Rcd8 34. Ngf2 a3 35. Kg2 Bc5 36. Nxc5 Rxd1 37. Nxd1 Rxd1 38. Re2 Rb1 39. Kf3 Rb2 40. Nd3 Nxc4 41. Nxb2 axb2 42. bxc4 b1Q 43. Ke3 Qc1+ 44. Kd3 Qd1+ 45. Rd2 Qf3+ 46. Kd4 Qc3+ 0-1

[Event "Satka Autumn"]
[Site "Satka"]
[Date "2023.09.03"]
[Round "6"]
[White "Kanter, Eduard"]
[Black "Meydi, Igor"]
[Result "1/2-1/2"]
[WhiteElo "2356"]
[BlackElo "2056"]
[PlyCount "73"]
[EventDate "2023.08.29"]
[EventType "swiss"]
[EventRounds "9"]
[EventCountry "RUS"]
[SourceTitle "EXT 2024"]
[Source "ChessBase"]
[SourceDate "2023.10.10"]
[SourceVersion "1"]
[SourceVersionDate "2023.10.10"]
[SourceQuality "1"]

1. d4 d5 2. c4 e6 3. Nf3 Nf6 4. g3 dxc4 5. Bg2 Nc6 6. 0-0 Rb8 7. Nc3 Bb4 8. Bg5 h6 9. Bxf6 Qxf6 10. Rc1 b5 11. b3 Bxc3 12. Rxc3 Ba6 13. bxc4 bxc4 14. e3 0-0 15. Nd2 Nb4 16. Ne4 Qe7 17. Nc5 Bb5 18. a4 Bc6 19. Bxc6 Nxc6 20. Rxc4 Rb6 21. Qd2 Rfb8 22. Rfc1 Rb2 23. R4c2 Rxc2 24. Qxc2 Nb4 25. Qe4 Nd5 26. Rb1 Rxb1+ 27. Qxb1 c6 28. Qb8+ Kh7 29. a5 Kg6 30. Qb1+ f5 31. Qb8 Nc3 32. Qc8 Qd6 33. Nxe6 Ne4 34. Nf8+ Kf6 35. Nd7+ Kg5 36. Ne5 Qb4 37. h4+ 1/2-1/2

[Event "Satka Autumn"]
[Site "Satka"]
[Date "2023.08.31"]
[Round "3"]
[White "Bezzubenkov, Sergej"]
[Black "Kanter, Eduard"]
[Result "1/2-1/2"]
[WhiteElo "2244"]
[BlackElo "2356"]
[PlyCount "28"]
[EventDate "2023.08.29"]
[EventType "swiss"]
[EventRounds "9"]
[EventCountry "RUS"]
[SourceTitle "EXT 2024"]
[Source "ChessBase"]
[SourceDate "2023.10.10"]
[SourceVersion "1"]
[SourceVersionDate "2023.10.10"]
[SourceQuality "1"]

1. e4 c5 2. Nf3 e6 3. d4 cxd4 4. Nxd4 Nf6 5. Nc3 Nc6 6. Ndb5 Bc5 7. Bf4 0-0 8. Bd6 Qb6 9. Bxc5 Qxc5 10. Qd6 Qb6 11. Qc7 Qc5 12. Qd6 Qb6 13. Qc7 Qc5 14. Qd6 Qb6 1/2-1/2

[Event "Zudov Memorial"]
[Site "Nizhnij Tagil"]
[Date "2023.07.30"]
[Round "8"]
[White "Kanter, Eduard"]
[Black "Makov, Artem"]
[Result "1-0"]
[WhiteElo "2356"]
[BlackElo "2046"]
[PlyCount "117"]
[EventDate "2023.07.29"]
[EventType "swiss (rapid)"]
[EventRounds "11"]
[EventCountry "RUS"]
[SourceTitle "CBM 215 Extra"]
[Source "ChessBase"]
[SourceDate "2023.09.30"]
[SourceVersion "1"]
[SourceVersionDate "2023.09.30"]
[SourceQuality "1"]

1. d4 d5 2. c4 c6 3. Nf3 Nf6 4. Nc3 e6 5. g3 dxc4 6. Bg2 Nbd7 7. 0-0 Bd6 8. Bg5 0-0 9. Qc2 b5 10. b3 cxb3 11. axb3 Qb6 12. Ne4 Nxe4 13. Qxe4 Bb7 14. Ne5 Qc7 15. Nxc6 Rfc8 16. Rfc1 Qb6 17. Ne7+ Bxe7 18. Qxb7 Qxb7 19. Bxb7 Rxc1+ 20. Bxc1 Rb8 21. Rxa7 Bf6 22. Bc6 Rc8 23. Ba3 Nb6 24. Bc5 Rxc6 25. Bxb6 g6 26. Bc5 Kg7 27. b4 Rc8 28. Rb7 Rd8 29. e3 e5 30. dxe5 Rd1+ 31. Kg2 Bxe5 32. Rxb5 Bc3 33. Bd4+ Bxd4 34. Rd5 Rb1 35. Rxd4 Rb2 36. g4 Kf6 37. h4 h5 38. g5+ Ke6 39. Rf4 Rb1 40. Kf3 Rb2 41. Kg3 Rb1 42. Rf6+ Ke7 43. Rf4 Ke6 44. Kg2 Rb2 45. Kf1 Ke7 46. Ke1 Ke6 47. Kd1 Ra2 48. Kc1 Ke7 49. Kb1 Ra7 50. Kb2 Ke6 51. Kb3 Kd5 52. Rd4+ Ke5 53. Kc4 f6 54. gxf6 Kxf6 55. b5 g5 56. b6 Ra1 57. Kc5 Ra5+ 58. Kc6 Ra1 59. Rb4 1-0

[Event "Zudov Memorial"]
[Site "Nizhnij Tagil"]
[Date "2023.07.29"]
[Round "3"]
[White "Moskvinov, Prokhor"]
[Black "Kanter, Eduard"]
[Result "0-1"]
[WhiteElo "1939"]
[BlackElo "2356"]
[PlyCount "96"]
[EventDate "2023.07.29"]
[EventType "swiss (rapid)"]
[EventRounds "11"]
[EventCountry "RUS"]
[SourceTitle "CBM 215 Extra"]
[Source "ChessBase"]
[SourceDate "2023.09.30"]
[SourceVersion "1"]
[SourceVersionDate "2023.09.30"]
[SourceQuality "1"]

1. Nf3 c5 2. e3 g6 3. d4 Bg7 4. c4 Nf6 5. Nc3 0-0 6. h3 d5 7. dxc5 Ne4 8. Nxe4 dxe4 9. Nd4 Na6 10. Be2 Nxc5 11. 0-0 Nd3 12. Qc2 e5 13. Nb5 Qg5 14. Kh2 Rd8 15. Nc7 Rb8 16. Nd5 Be6 17. Bxd3 Bxd5 18. cxd5 Rbc8 19. Bc4 b5 20. b3 bxc4 21. bxc4 Rxd5 22. Ba3 Rd3 23. Bb4 Qd8 24. a4 Qb6 25. Rab1 Qa6 26. Rfc1 h5 27. c5 Qc6 28. Qc4 Bf8 29. a5 a6 30. Rb3 Rxb3 31. Qxb3 Qb5 32. Qc4 Qxc4 33. Rxc4 f5 34. c6 Bxb4 35. Rxb4 Rxc6 36. Rb6 Rc2 37. Rxg6+ Kf7 38. Rxa6 Rxf2 39. Kg1 Re2 40. Rh6 Rxe3 41. Rxh5 Kg6 42. Rh8 Ra3 43. Ra8 e3 44. g3 Ra1+ 45. Kg2 e2 46. Ra6+ Kh5 47. g4+ fxg4 48. hxg4+ Kg5 0-1

[Event "Zudov Memorial"]
[Site "Nizhnij Tagil"]
[Date "2023.07.29"]
[Round "1"]
[White "Voronov, Kirill1111"]
[Black "Kanter, Eduard"]
[Result "0-1"]
[WhiteElo "1431"]
[BlackElo "2356"]
[PlyCount "52"]
[EventDate "2023.07.29"]
[EventType "swiss (rapid)"]
[EventRounds "11"]
[EventCountry "RUS"]
[SourceTitle "CBM 215 Extra"]
[Source "ChessBase"]
[SourceDate "2023.09.30"]
[SourceVersion "1"]
[SourceVersionDate "2023.09.30"]
[SourceQuality "1"]

1. e4 c5 2. Nf3 d6 3. d4 cxd4 4. Qxd4 Nc6 5. Bb5 Bd7 6. Bxc6 Bxc6 7. c4 Nf6 8. Nc3 g6 9. 0-0 Bg7 10. Rd1 0-0 11. Qd3 Nd7 12. Be3 Nc5 13. Bxc5 dxc5 14. Qe2 Qb8 15. Nd5 Re8 16. e5 e6 17. Nf6+ Bxf6 18. exf6 Qf4 19. Ne5 Qxf6 20. Nxc6 bxc6 21. Rd6 Rab8 22. Rb1 Red8 23. Rxc6 Rxb2 24. Qe1 Rxb1 25. Qxb1 Qb2 26. Qe1 Qc2 0-1

[Event "UAE National Day 51st"]
[Site "Sharjah"]
[Date "2022.12.04"]
[Round "8"]
[White "Amonatov, Farrukh"]
[Black "Kanter, Eduard"]
[Result "1-0"]
[WhiteElo "2598"]
[BlackElo "2367"]
[PlyCount "127"]
[EventDate "2022.12.03"]
[EventType "swiss (rapid)"]
[EventRounds "10"]
[EventCountry "UAE"]
[SourceTitle "CBM 211 Extra"]
[Source "ChessBase"]
[SourceDate "2023.01.31"]
[SourceVersion "1"]
[SourceVersionDate "2023.01.31"]
[SourceQuality "1"]

1. e4 c5 2. Nf3 d6 3. g3 Nf6 4. d3 g6 5. Bg2 Bg7 6. 0-0 0-0 7. Nc3 Nc6 8. h3 Rb8 9. Bg5 b5 10. Qd2 b4 11. Ne2 d5 12. Qe3 d4 13. Qd2 e5 14. Nh2 Qd6 15. f4 Nh5 16. f5 f6 17. Bh6 g5 18. Bxg7 Nxg7 19. h4 gxh4 20. Qh6 Kh8 21. Qxh4 c4 22. g4 cxd3 23. cxd3 Ba6 24. Rf3 Rb7 25. Rh3 Ne8 26. Kh1 Rg7 27. Rg1 Nd8 28. Ng3 Rfg8 29. Nh5 Rc7 30. Nf3 Qe7 31. Bf1 Nf7 32. Nf4 Ng5 33. Nd5 Qf7 34. Nxg5 Rxg5 35. Nxc7 Nxc7 36. Qe1 Qe7 37. Qc1 Bb7 38. Rg2 Ne8 39. Rgh2 Rg7 40. Qc4 a5 41. Qb5 Qd8 42. g5 Nd6 43. gxf6 Qxf6 44. Qb6 a4 45. Rh6 Qg5 46. Rg6 Rxg6 47. fxg6 Qxg6 48. Qd8+ Ne8 49. Qe7 Nf6 50. Qxb7 Ng4 51. Qc8+ Kg7 52. Qd7+ Kg8 53. Qxg4 Qxg4 54. Rg2 Qxg2+ 55. Kxg2 Kg7 56. a3 bxa3 57. bxa3 Kf6 58. Be2 Kg5 59. Kf3 h5 60. Bd1 h4 61. Bxa4 h3 62. Kg3 h2 63. Kxh2 Kf4 64. Bb5 1-0

[Event "Titled Tuesday intern op 18th Oct Late"]
[Site "Chess.com INT"]
[Date "2022.10.18"]
[Round "1"]
[White "Deac, Bogdan Daniel"]
[Black "Kanter, Eduard"]
[Result "1-0"]
[WhiteElo "2707"]
[BlackElo "2367"]
[PlyCount "53"]
[EventDate "2022.10.18"]
[EventType "swiss (blitz)"]
[EventRounds "11"]
[EventCountry "USA"]
[SourceTitle "EXT 2024"]
[Source "ChessBase"]
[SourceDate "2023.10.10"]
[SourceVersion "1"]
[SourceVersionDate "2023.10.10"]
[SourceQuality "1"]

1. d4 d5 2. Nf3 Nf6 3. c4 e6 4. e3 a6 5. b3 c5 6. cxd5 exd5 7. Bb2 Nc6 8. Nc3 Bg4 9. Be2 Bxf3 10. Bxf3 cxd4 11. exd4 Be7 12. 0-0 0-0 13. a3 Re8 14. Re1 Qd7 15. g3 Bf8 16. Qd3 g6 17. b4 h5 18. h4 Bg7 19. Kg2 Ne4 20. Nxd5 Qxd5 21. Rxe4 Qd7 22. Rd1 Rad8 23. d5 Rxe4 24. Qxe4 Ne7 25. Bxg7 Kxg7 26. d6 Nf5 27. Qxb7 1-0

[Event "Titled Tuesday intern op 18th Oct Late"]
[Site "Chess.com INT"]
[Date "2022.10.18"]
[Round "2"]
[White "Kanter, Eduard"]
[Black "Efremov, Vladislav"]
[Result "1/2-1/2"]
[WhiteElo "2367"]
[BlackElo "2218"]
[PlyCount "75"]
[EventDate "2022.10.18"]
[EventType "swiss (blitz)"]
[EventRounds "11"]
[EventCountry "USA"]
[SourceTitle "EXT 2024"]
[Source "ChessBase"]
[SourceDate "2023.10.10"]
[SourceVersion "1"]
[SourceVersionDate "2023.10.10"]
[SourceQuality "1"]

1. d4 Nf6 2. c4 e6 3. Nf3 d5 4. g3 dxc4 5. Bg2 Bb4+ 6. Nc3 a5 7. 0-0 0-0 8. Ne5 Nd5 9. Qc2 Bxc3 10. bxc3 b5 11. a4 c6 12. Rb1 Ba6 13. Nxc6 Nxc6 14. axb5 Ncb4 15. cxb4 Bxb5 16. bxa5 Qxa5 17. Bd2 Qa4 18. Qxa4 Bxa4 19. Rfc1 Rfc8 20. Be1 Bb3 21. e4 Nf6 22. Bc3 Ra2 23. Ra1 Rca8 24. Rxa2 Rxa2 25. f3 Nd7 26. Bf1 Nb6 27. Ra1 Rxa1 28. Bxa1 Na4 29. Kf2 Kf8 30. Ke3 Ke7 31. Kd2 Kd6 32. Bc3 Kc6 33. Bb4 Kb5 34. Ba3 Nb6 35. Bc5 Na4 36. Ba3 Nb6 37. Bc5 Na4 38. Ba3 1/2-1/2

[Event "Titled Tuesday intern op 18th Oct Late"]
[Site "Chess.com INT"]
[Date "2022.10.18"]
[Round "9"]
[White "Kanter, Eduard"]
[Black "Kaganskiy, Gleb"]
[Result "1-0"]
[WhiteElo "2367"]
[BlackElo "2237"]
[PlyCount "65"]
[EventDate "2022.10.18"]
[EventType "swiss (blitz)"]
[EventRounds "11"]
[EventCountry "USA"]
[SourceTitle "EXT 2024"]
[Source "ChessBase"]
[SourceDate "2023.10.10"]
[SourceVersion "1"]
[SourceVersionDate "2023.10.10"]
[SourceQuality "1"]

1. d4 d5 2. c4 e6 3. Nf3 c6 4. g3 Nf6 5. Bg2 Be7 6. 0-0 0-0 7. Nc3 b6 8. Nd2 Bb7 9. e4 c5 10. cxd5 exd5 11. e5 Ne4 12. Ndxe4 dxe4 13. d5 f5 14. exf6 Bxf6 15. Nxe4 Bd4 16. Ng5 Bxd5 17. Qh5 h6 18. Ne6 Bxe6 19. Bxa8 Nd7 20. Bg2 Nf6 21. Qe2 Bg4 22. Qc4+ Kh8 23. Be3 Bxe3 24. fxe3 Qd2 25. Qc3 Qxc3 26. bxc3 Re8 27. h3 Be2 28. Rfe1 Bc4 29. Rad1 Kg8 30. e4 Re5 31. Rd8+ Kf7 32. Ra8 Bxa2 33. Rxa7+ 1-0

[Event "Titled Tuesday intern op 18th Oct Late"]
[Site "Chess.com INT"]
[Date "2022.10.18"]
[Round "3"]
[White "Thiel, Thomas"]
[Black "Kanter, Eduard"]
[Result "0-1"]
[WhiteElo "2230"]
[BlackElo "2367"]
[PlyCount "48"]
[EventDate "2022.10.18"]
[EventType "swiss (blitz)"]
[EventRounds "11"]
[EventCountry "USA"]
[SourceTitle "EXT 2024"]
[Source "ChessBase"]
[SourceDate "2023.10.10"]
[SourceVersion "1"]
[SourceVersionDate "2023.10.10"]
[SourceQuality "1"]

1. e4 c5 2. Nc3 g6 3. d4 cxd4 4. Qxd4 Nf6 5. Be3 Nc6 6. Qd2 Bg7 7. f3 0-0 8. Nge2 d6 9. 0-0-0 Ne5 10. Nf4 Bd7 11. Kb1 Rc8 12. Bxa7 Qa5 13. Be3 Ra8 14. a3 Rfc8 15. Ncd5 Nxd5 16. Qxa5 Nxe3 17. Qd2 Nxf1 18. Rhxf1 Nc4 19. Qb4 Bxb2 20. Nd5 Bxa3 21. Qb3 Kf8 22. Rd4 b5 23. Rfd1 Bb2 24. R4d3 Ra1# 0-1

[Event "Titled Tuesday intern op 11th Oct Late"]
[Site "Chess.com INT"]
[Date "2022.10.11"]
[Round "8"]
[White "Kanter, Eduard"]
[Black "Baltaci, Ismail Tarik"]
[Result "0-1"]
[WhiteElo "2367"]
[BlackElo "2095"]
[PlyCount "78"]
[EventDate "2022.10.11"]
[EventType "swiss (blitz)"]
[EventRounds "11"]
[EventCountry "USA"]
[SourceTitle "EXT 2024"]
[Source "ChessBase"]
[SourceDate "2023.10.10"]
[SourceVersion "1"]
[SourceVersionDate "2023.10.10"]
[SourceQuality "1"]

1. d4 Nf6 2. c4 g6 3. Nc3 Bg7 4. e4 d6 5. Be2 0-0 6. Nf3 e5 7. Be3 exd4 8. Nxd4 Nc6 9. 0-0 Re8 10. f3 Nh5 11. Nxc6 bxc6 12. Qd2 a5 13. Rad1 Qe7 14. c5 dxc5 15. Na4 Bd4 16. Bxd4 cxd4 17. Qxd4 Nf4 18. Rfe1 Qg5 19. Bf1 Ba6 20. g3 Bxf1 21. Kxf1 Qb5+ 22. Kf2 Ne6 23. Nc3 Nxd4 24. Nxb5 Nxb5 25. a4 Nd6 26. Rc1 Rab8 27. Re2 Rb6 28. Rc5 Reb8 29. Rxa5 Rxb2 30. Rc5 Rxe2+ 31. Kxe2 Rb6 32. Kd3 Kf8 33. e5 Nb7 34. Rc2 Ra6 35. Rc4 Rxa4 36. Rxc6 Nd8 37. Rxc7 Ne6 38. f4 Ra2 39. Ke4 Nxc7 0-1